Click a Calendar Name Quiz Stats

 Plays Quiz Updated Mar 29, 2015

Also try: Drawing a Blank
Challenge
Share
Tweet
Embed
Score 0/20 Timer 05:00
0 Plays Today
% Correct
T.G.I. Friday's
92.3%
Wednesday Addams
88.7%
Louisa May Alcott
87.6%
March Hare
83.6%
Aunt May
83.5%
June Cleaver
82.1%
April Kepner, M.D.
80.6%
Black September
77.5%
Maggie May
76.1%
January Jones
75%
% Correct
June Carter Cash
72.1%
October Sky
68%
The Saturday Evening Post
67.8%
The March King
64.6%
Friday
64.3%
Rick Monday
61.4%
June Allyson
60.4%
Charles August
54%
Fredric March
50.1%
Tuesday Weld
42.9%

You're not logged in!

Compare scores with friends on all Sporcle quizzes.
OR
Log In

You Might Also Like...

Show Comments

Extras

Top Quizzes Today


Score Distribution

Your Account Isn't Verified!

In order to create a playlist on Sporcle, you need to verify the email address you used during registration. Go to your Sporcle Settings to finish the process.

Report this User

Report this user for behavior that violates our Community Guidelines.

Details: